Pearson nurse's drug guide. (Record no. 33404)

MARC details
000 -LEADER
fixed length control field 00519nam a2200181Ia 4500
020 ## - INTERNATIONAL STANDARD BOOK NUMBER
ISBN 9780132974851
050 ## - CALL MARK
Classification number RM 125 .W55/
100 ## - STATEMENT OF RESPONSIBILITY--MAIN AUTHOR NAME
Personal name Wilson, Billie A...[et al.]
245 #0 - TITLE STATEMENT
Title Pearson nurse's drug guide.
260 ## - PUBLICATION, DISTRIBUTION, ETC. (IMPRINT)
Place of publication New York
260 ## - PUBLICATION, DISTRIBUTION, ETC. (IMPRINT)
Name of publisher Pearson
260 ## - PUBLICATION, DISTRIBUTION, ETC. (IMPRINT)
Year of publication 2013
300 ## - PHYSICAL DESCRIPTION
Number of Pages 1761 p
650 ## - SUBJECT ADDED ENTRY--TOPICAL TERM
Topical Term Chemotherapy--Handbooks, manuals, etc. Drugs--Handbooks, manuals, etc. Nursing--Handbooks, manuals, etc.
942 ## - ADDED ENTRY ELEMENTS (KOHA)
Koha item type Books
Holdings
Withdrawn status Lost status Source of classification or shelving scheme Damaged status Not for loan Permanent Location Current Location Date acquired Accession Number Price effective from Koha item type
    Library of Congress Classification     NILE UNIVERSITY OF NIGERIA - MAIN LIBRARY NILE UNIVERSITY OF NIGERIA - MAIN LIBRARY 04/23/2025 0195145 04/23/2025 Books